Statistiken für Geographie nach Buchstabe - E

Klicken Sie hier um das Quiz zu spielen!

Allgemein

  • Dieses Quiz wurde 2.417 mal gespielt
  • Das Durchschnittsergebnis liegt bei 13 aus 20

Antwortstatistiken

HinweisAntwort% Korrekt
Währung der EUEuro
97%
Berühmtestes Wahrzeichen von ParisEiffelturm
96%
Höchster Berg der WeltEverest
95%
Ein baltischer StaatEstland
92%
Deutscher Fluss, der durch Hamburg fließtElbe
92%
Hauptstadt SchottlandsEdinburgh
89%
Sieger der Fußball-WM 1966England
86%
Spanischer Name für SpanienEspaña
84%
Dieses Land besitzt die GalapagosinselnEcuador
77%
Eines der Nationaltiere AustraliensEmu
73%
Irischer Name für IrlandÉire
72%
Seine Hauptstadt heißt AsmaraEritrea
64%
Größter Fluss VorderasiensEuphrat
56%
Nationalpark in FloridaEverglades
54%
Nationaltier ThailandsElefant
53%
Hauptstadt AlbertasEdmonton
39%
Der höchste Berg EuropasElbrus
37%
Sein Name bedeutet auf Deutsch "Der Erlöser"El Salvador
35%
Westlichste Stadt Texas'El Paso
31%
Nationale Fluggesellschaft von IsraelEl Al
25%

Verteilung der Resultate

Perzentil nach korrekt beantworteten Fragen

Anzahl Personen mit jedem Resultat

Ihre Resultats-Entwicklung

Sie haben dieses Quiz noch nicht gespielt